Zu welchem ​​Land gehört __? - Statistiken

Allgemein
  • Dieses Quiz wurde 476 mal gespielt
  • Das Durchschnittsergebnis liegt bei 7 aus 10
Antwortstatistiken
Hinweise Antworten % Korrekt
Französisch-Guayana Frankreich
97%
England Vereinigtes Königreich
92%
Los Angeles vereinigte Staaten von Amerika
91%
Réunion Frankreich
82%
Queensland Australien
73%
Kalifornien United states of america
73%
Baja California Mexiko
58%
Baffin island Kanada
48%
Nova scotia Kanada
47%
New Caledonia Frankreich
38%
Keine übereinstimmenden Quizze gefunden
Verteilung der Resultate
Anzahl Personen mit jedem Resultat
Perzentil nach korrekt beantworteten Fragen
Ihre Resultats-Entwicklung
Sie haben dieses Quiz noch nicht gespielt